Obra filosófica / (Record no. 88334)

MARC details
000 -LEADER
campo de control de longitud fija 00779nam a2200229 i 4500
001 - NÚMERO DE CONTROL
campo de control 88334
003 - IDENTIFICADOR DE NÚMERO DE CONTROL
campo de control ES-MaACL
005 - FECHA Y HORA DE LA ÚLTIMA TRANSACCIÓN
campo de control 20230906174631.0
007 - CAMPO FIJO DE DESCRIPCIÓN FÍSICA--INFORMACIÓN GENERAL
campo de control de longitud fija t|
008 - DATOS DE LONGITUD FIJA--INFORMACIÓN GENERAL
campo de control de longitud fija 050104s1983 sp ||||1| spa d
100 1# - ENTRADA PRINCIPAL--NOMBRE DE PERSONA
Nombre de persona La Mettrie, Julien Offray de.
9 (RLIN) 149617
245 10 - MENCIÓN DEL TÍTULO
Título Obra filosófica /
Mención de responsabilidad, etc. Julien-Offray de La Mettrie ; edición preparada por Menene Gras Balaguer.
260 ## - PUBLICACIÓN, DISTRIBUCIÓN, ETC.
Lugar de publicación, distribución, etc. Madrid :
Nombre del editor, distribuidor, etc. Ed. Nacional,
Fecha de publicación, distribución, etc. [1983]
300 ## - DESCRIPCIÓN FÍSICA
Extensión 454 p. ;
Dimensiones 21 cm.
490 1# - MENCIÓN DE SERIE
Mención de serie Clásicos para una biblioteca contemporánea.
-- Pensamiento ;
Designación de volumen o secuencia 25
700 1# - ENTRADA AGREGADA--NOMBRE PERSONAL
Nombre de persona Gras Balaguer, Menene.
9 (RLIN) 59682
830 0# - PUNTO DE ACCESO ADICIONAL DE SERIE-TÍTULO UNIFORME
Título uniforme Clásicos para una biblioteca contemporánea
9 (RLIN) 181899
852 ## - LOCALIZACIÓN
Ubicación ES-MaACL
Número de control de estantería L-4990
Sublocalización o colección R.105548
852 ## - LOCALIZACIÓN
Ubicación ES-MaACL
Número de control de estantería E-10530
852 ## - LOCALIZACIÓN
Ubicación ES-MaACL
Número de control de estantería L-4990
Holdings
Estatus retirado Estado de pérdida Fuente del sistema de clasificación o colocación Estado de daño Restricciones de uso No para préstamo Biblioteca de origen Biblioteca actual Ubicación en estantería Fecha de adquisición Total de préstamos Signatura topográfica completa Código de barras Visto por última vez Precio de reemplazo Tipo de ítem Koha Fuente de adquisición
    Clasificación decimal universal   Duplicado   Biblioteca del Ateneo de Madrid Biblioteca del Ateneo de Madrid Depósito 2 17/01/2008   E-10530 1085933 23/02/2023 23/02/2023 Libro impreso  
            Biblioteca del Ateneo de Madrid Biblioteca del Ateneo de Madrid Depósito 2 15/03/2012   L-4990 1189118 23/02/2023 23/02/2023 Libro impreso